000 00486nam a2200133Ia 4500
005 20260209120135.0
008 260209s9999||||xx |||||||||||||| ||und||
100 _aAbhishek A Anand
245 4 _aThe concept of search and seizure under the income tax act, 1961 : concept, issues and trends
260 _aBangaloreBangalore
_bNLSIU
_c2015
300 _a126 p. ; 25 cm.
700 _aProf. V S Mallar -GuideProf. V S Mallar -Guide
856 _uhttps://dans.nls.ac.in/handle/123456789/1732
999 _c217196
_d217196